MARC details
| 000 -LEADER |
| fixed length control field |
03148cam a22006137i 4500 |
| 001 - CONTROL NUMBER |
| control field |
674 |
| 003 - CONTROL NUMBER IDENTIFIER |
| control field |
MYCC |
| 005 - DATE AND TIME OF LATEST TRANSACTION |
| control field |
20260127123448.0 |
| 008 - FIXED-LENGTH DATA ELEMENTS--GENERAL INFORMATION |
| fixed length control field |
210727s2021 nyu b 001 0 eng d |
| 010 ## - LIBRARY OF CONGRESS CONTROL NUMBER |
| LC control number |
2021943914 |
| 020 ## - INTERNATIONAL STANDARD BOOK NUMBER |
| International Standard Book Number |
9780316273992 |
| Qualifying information |
paperback |
| 020 ## - INTERNATIONAL STANDARD BOOK NUMBER |
| International Standard Book Number |
9780316273800 |
| Qualifying information |
hardback |
| 020 ## - INTERNATIONAL STANDARD BOOK NUMBER |
| International Standard Book Number |
0316273805 |
| Qualifying information |
hardback |
| 035 ## - SYSTEM CONTROL NUMBER |
| System control number |
22153122 |
| 035 ## - SYSTEM CONTROL NUMBER |
| System control number |
(OCoLC)1259442014 |
| 040 ## - CATALOGING SOURCE |
| Original cataloging agency |
CNWPU |
| Language of cataloging |
eng |
| Transcribing agency |
CNWPU |
| Description conventions |
rda |
| Modifying agency |
CNNWP |
| -- |
OCO |
| -- |
YFL |
| -- |
ZAC |
| -- |
DEW |
| -- |
YDX |
| -- |
BDX |
| -- |
YXF |
| -- |
OCLCF |
| -- |
LE@ |
| -- |
CLU |
| -- |
BUF |
| -- |
GZN |
| -- |
JQW |
| -- |
UAP |
| -- |
OCLCO |
| -- |
DLC |
| -- |
MYCC |
| 042 ## - AUTHENTICATION CODE |
| Authentication code |
lccopycat |
| 050 00 - LIBRARY OF CONGRESS CALL NUMBER |
| Classification number |
Q335 |
| Item number |
.K565 2021 |
| 082 04 - DEWEY DECIMAL CLASSIFICATION NUMBER |
| Classification number |
006.3 |
| Edition information |
23 |
| 100 1# - MAIN ENTRY--PERSONAL NAME |
| Personal name |
Kissinger, Henry, |
| Dates associated with a name |
1923-2023, |
| Relator term |
author. |
| 245 14 - TITLE STATEMENT |
| Title |
THE AGE OF AI : |
| Remainder of title |
And Our Human Future / |
| Statement of responsibility, etc. |
Henry A. Kissinger, Eric Schmidt, Daniel Huttenlocher ; with Schuyler Schouten. |
| 246 3# - VARYING FORM OF TITLE |
| Title proper/short title |
Age of A.I. |
| 246 3# - VARYING FORM OF TITLE |
| Title proper/short title |
Age of artificial intelligence |
| 250 ## - EDITION STATEMENT |
| Edition statement |
First edition. |
| 264 #1 - PRODUCTION, PUBLICATION, DISTRIBUTION, MANUFACTURE, AND COPYRIGHT NOTICE |
| Place of production, publication, distribution, manufacture |
New York : |
| Name of producer, publisher, distributor, manufacturer |
Back Bay Books, |
| Date of production, publication, distribution, manufacture, or copyright notice |
2022. |
| 264 #4 - PRODUCTION, PUBLICATION, DISTRIBUTION, MANUFACTURE, AND COPYRIGHT NOTICE |
| Date of production, publication, distribution, manufacture, or copyright notice |
©2021 |
| 300 ## - PHYSICAL DESCRIPTION |
| Extent |
266 pages ; |
| Dimensions |
21 cm |
| 336 ## - CONTENT TYPE |
| Content type term |
text |
| Content type code |
txt |
| Source |
rdacontent |
| 337 ## - MEDIA TYPE |
| Media type term |
unmediated |
| Media type code |
n |
| Source |
rdamedia |
| 338 ## - CARRIER TYPE |
| Carrier type term |
volume |
| Carrier type code |
nc |
| Source |
rdacarrier |
| 500 ## - GENERAL NOTE |
| General note |
"Originally published in hardcover by Little, Brown and Company, November 2021" -- Title page verso. |
| 500 ## - GENERAL NOTE |
| General note |
"First Back Bay trade paperback edition, November 2022" -- Title page verso. |
| 504 ## - BIBLIOGRAPHY, ETC. NOTE |
| Bibliography, etc. note |
Includes bibliographical references and index. |
| 505 0# - FORMATTED CONTENTS NOTE |
| Formatted contents note |
Where we are -- How we got here: technology and human thought -- From Turing to today--and beyond -- Global network platforms -- Security and world order -- AI and human identity -- AI and the future -- Afterword: A New Reality |
| 520 ## - SUMMARY, ETC. |
| Summary, etc. |
"Artificial Intelligence (AI) is transforming human society in fundamental and profound ways. Not since the Age of Reason have we changed how we approach security, economics, order, and even knowledge itself. In the Age of AI, three deep and accomplished thinkers come together to consider what AI will mean for us all" |
| Assigning source |
Book jacket. |
| 650 #0 - SUBJECT ADDED ENTRY--TOPICAL TERM |
| Topical term or geographic name entry element |
Artificial intelligence. |
| 650 #0 - SUBJECT ADDED ENTRY--TOPICAL TERM |
| Topical term or geographic name entry element |
Social change. |
| 650 #0 - SUBJECT ADDED ENTRY--TOPICAL TERM |
| Topical term or geographic name entry element |
Technology |
| General subdivision |
Social aspects. |
| 650 #0 - SUBJECT ADDED ENTRY--TOPICAL TERM |
| Topical term or geographic name entry element |
Artificial intelligence |
| General subdivision |
Philosophy. |
| 650 #0 - SUBJECT ADDED ENTRY--TOPICAL TERM |
| Topical term or geographic name entry element |
Artificial intelligence |
| General subdivision |
Social aspects. |
| 650 #0 - SUBJECT ADDED ENTRY--TOPICAL TERM |
| Topical term or geographic name entry element |
Artificial intelligence |
| General subdivision |
Forecasting. |
| 650 #7 - SUBJECT ADDED ENTRY--TOPICAL TERM |
| Topical term or geographic name entry element |
Artificial intelligence. |
| Source of heading or term |
fast |
| Authority record control number or standard number |
(OCoLC)fst00817247 |
| 650 #7 - SUBJECT ADDED ENTRY--TOPICAL TERM |
| Topical term or geographic name entry element |
Artificial intelligence |
| General subdivision |
Forecasting. |
| Source of heading or term |
fast |
| Authority record control number or standard number |
(OCoLC)fst01983695 |
| 650 #7 - SUBJECT ADDED ENTRY--TOPICAL TERM |
| Topical term or geographic name entry element |
Artificial intelligence |
| General subdivision |
Philosophy. |
| Source of heading or term |
fast |
| Authority record control number or standard number |
(OCoLC)fst00817276 |
| 650 #7 - SUBJECT ADDED ENTRY--TOPICAL TERM |
| Topical term or geographic name entry element |
Artificial intelligence |
| General subdivision |
Social aspects. |
| Source of heading or term |
fast |
| Authority record control number or standard number |
(OCoLC)fst00817279 |
| 650 #7 - SUBJECT ADDED ENTRY--TOPICAL TERM |
| Topical term or geographic name entry element |
Social change. |
| Source of heading or term |
fast |
| Authority record control number or standard number |
(OCoLC)fst01122310 |
| 650 #7 - SUBJECT ADDED ENTRY--TOPICAL TERM |
| Topical term or geographic name entry element |
Technology |
| General subdivision |
Social aspects. |
| Source of heading or term |
fast |
| Authority record control number or standard number |
(OCoLC)fst01145202 |
| 700 1# - ADDED ENTRY--PERSONAL NAME |
| Personal name |
Schmidt, Eric, |
| Dates associated with a name |
1955 April 27- |
| Relator term |
author. |
| 700 1# - ADDED ENTRY--PERSONAL NAME |
| Personal name |
Huttenlocher, Daniel P., |
| Relator term |
author. |
| 700 1# - ADDED ENTRY--PERSONAL NAME |
| Personal name |
Schouten, Schuyler, |
| Relator term |
contributor. |
| 906 ## - LOCAL DATA ELEMENT F, LDF (RLIN) |
| a |
7 |
| b |
cbc |
| c |
copycat |
| d |
2 |
| e |
ncip |
| f |
20 |
| g |
y-gencatlg |
| 942 ## - ADDED ENTRY ELEMENTS (KOHA) |
| Source of classification or shelving scheme |
Dewey Decimal Classification |
| Koha item type |
Books |